00490nam a2200085Ia 4500008004100000245002000041300027500061650001600336856005200352170517s9999 xx 000 0 und d aWhen Food Kills aIt’s every parent’s worst nightmare. One moment their child is perfectly healthy. The next, they’ve stopped breathing and are turning blue. For many children, the merest hint of nut is all it takes to send them into anaphylactic shock. Food allergies are on the... xTechnology. uhttp://topdocumentaryfilms.com/when-food-kills/